Encuestas sociales (Apuntes de las clases dictadas en el Seminario de Evaluación de Programas de Planificación Familiar, Santiago, mayo-junio de 1970)

שמור ב:
מידע ביבליוגרפי
מחבר ראשי: Mertens, Walter
פורמט: Texto
יצא לאור: Santiago : CELADE
נושאים:
תגים: הוספת תג
אין תגיות, היה/י הראשונ/ה לתייג את הרשומה!

MARC

LEADER 00000 a a2200000 04500
001 17796
003
040 |a CRAI/IIS  |c CRAI/IIS 
090 |a 1001 C313e  
100 |a Mertens, Walter  
245 |a Encuestas sociales (Apuntes de las clases dictadas en el Seminario de Evaluación de Programas de Planificación Familiar, Santiago, mayo-junio de 1970)  
260 |a Santiago :   |b CELADE  
300 |a 25 p.  
650 |a ENCUESTAS  
999 |c 16857  |d 16857